000 00365 a2200157 4500
001 156767
020 _a9788525052674
040 _cEscola São Tomás de Aquino
100 _aLOBATO, Monteiro
240 1 0 _aAs formigas ruivas
_lpor
245 1 0 _aAs formigas ruivas
300 _a32 p.
362 0 _a2012
697 _a*LITERATURA INFANTO JUVENIL
942 _cBK
999 _c156767
_d156767